Kliknij zakończenie tytułu filmu #1 - Statystyki

Ogólne statystyki
  • Ten quiz został rozwiązany 152 razy
  • Średni wynik to 12 z 16
Statystyki odpowiedzi
Hint Odpowiedź % Poprawnych
Robin Hood
96%
Top Gun
94%
Rocky Balboa
91%
Kosmiczny Mecz
87%
Batman Początek
83%
Dżień Niepodległośći
79%
Nastolatni Wilkołak
79%
Krótkie Wspięcie
76%
Vanilla Sky
74%
Sausage Party
72%
Stalowe Magnolie
68%
Kryptonium U.N.K.L.E.
68%
Panic Room
66%
Sułtani Westernu
58%
Cruel Intentions
54%
Reggae Na lodżie
36%
Nie znaleziono quizów pasujących do podanych kryteriów
Rozkład punktacji
Procent ludzi z każdym wynikiem
Percentyl według liczby udzielonych odpowiedzi
Twoja historia wyników
Nie rozwiązałeś tego quizu